| 000 | 00731nam a22002057a 4500 | ||
|---|---|---|---|
| 999 |
_c11504 _d11504 |
||
| 003 | AR-CdUCM | ||
| 008 | 190404b ||||| |||| 00| 0 spa d | ||
| 040 |
_aMUNICIPALIDAD PROVINCIAL DEL CUSCO _cBIBLIOTECA MUNICIPAL DEL CUSCO |
||
| 082 |
_a510.1 / 1944 / _bM64 |
||
| 100 |
_aMirò Quesada, Oscar _922976 |
||
| 245 | _aEl número y la realidad/ | ||
| 260 |
_aLima : _bBiblioteca de la Sociedad Peruana de Filosofía, _c1944 |
||
| 300 |
_a74 páginas ; _c22 cm. |
||
| 505 | _aContenido: La verdad matemática -- El saber matemático -- Las matemáticas y la realidad. | ||
| 650 |
_aMétodo numérico _928908 |
||
| 650 |
_aRealidad numérica _928909 |
||
| 650 |
_aCiencias sociales _91096 |
||
| 942 |
_2ddc _cLIBROS |
||
| 945 | _adavv | ||